CorelDRAW 10 : step by step

Bibliographic Details
Main Author: Iskandar Ab Rashid
Other Authors: Zaitun Ismail
Format: Book
Published: Kuala Lumpur : Venton Pub. , 2001
Subjects:

MARC

LEADER 00000cam a2200000 7i4500
001 0000003159
005 20050308.0
020 0 0 |a 9832031346 
090 0 0 |a 006.6869   |b ISK 
100 0 0 |a Iskandar Ab Rashid 
245 0 0 |a CorelDRAW 10 :   |b step by step   |c Iskandar Ab Rashid, Zaitun Ismail 
260 0 0 |a Kuala Lumpur :   |b Venton Pub. ,   |c 2001 
300 |a 215p. :   |b ill. ;   |c 25cm. 
650 0 0 |a Computer graphics 
700 0 1 |a Zaitun Ismail 
999 |a 0000005541   |b Monograph   |c Open Shelf   |e Default branch